Visualizzazione normale
Vista MARC
- Granados José
di Personal Name
Records bibliografici associati: 5
001 - CONTROL NUMBER
- control field: 56200
003 - CONTROL NUMBER IDENTIFIER
- control field: IT-RoPau
005 - DATE AND TIME OF LATEST TRANSACTION
- control field: 20170210170940.0
008 - FIXED-LENGTH DATA ELEMENTS
- fixed length control field: 170210|| aca||aabn | a|a d
040 ## - CATALOGING SOURCE
- Original cataloging agency: IT-RoPau
- Transcribing agency: IT-RoPau
100 ## - HEADING--PERSONAL NAME
- Personal name: Granados José
670 ## - SOURCE DATA FOUND
- Source citation: Work cat.: (IT-RoPau): Granados José, Divorziati in nuova unione civile ed Eucaristia: la risposta della misericordia, 2015